Finanční management

Saved in:
Bibliographic Details
Main Author: Režňáková, Mária
Corporate Author: Vysoké učení technické v Brně. Fakulta podnikatelská
Format: Book
Language:Czech
Published: Brno Akademické nakladatelství CERM, s.r.o. 2005
Edition:3. aktualiz. a rozšíř. vyd.
Subjects:
Tags: Add Tag
No Tags, Be the first to tag this record!

MARC

LEADER 00000nam$a2200000$$$4500
001 0054846
005 20240226134103.3
020 |a 80-214-3035-4 
041 0 |a cze 
044 |a CZ 
245 1 0 |a Finanční management  |c Mária Režňáková 
250 |a 3. aktualiz. a rozšíř. vyd. 
264 1 |a Brno  |b Akademické nakladatelství CERM, s.r.o.  |c 2005 
300 |a 125 s. 
610 2 0 |a manažment finančný 
610 2 0 |a riadenie finančné 
610 2 0 |a manažment strategický 
610 2 0 |a ciele podnikové 
610 2 0 |a financie 
610 2 0 |a financovanie 
610 2 0 |a zdroje finančné 
610 2 0 |a náklady 
610 2 0 |a kapitál 
610 2 0 |a štruktúra podniku finančná 
610 2 0 |a dividendy 
100 1 |a Režňáková, Mária 
710 2 |a Vysoké učení technické v Brně. Fakulta podnikatelská